000 00683nam a2200253 i 4500
001 C2-0117949
003 PPAK
005 20180727110910.0
008 970730s1981 inu |||| ||||| | eng d
020 _a0672971771
040 _aPPAK
_beng
_cPPAK
_erda
082 0 4 _a657.044
_223
090 0 0 _a657.044
_bSTE
_dG
100 1 _aStelter, Gayle A.,
_eauthor
245 1 0 _aAccounting simplified
264 1 _aIndianapolis, Indiana :
_bBobbs-Merill Educational Publishing ,
_c1981
300 _a405 pages ;
_c23 cm
336 _2rdacontent
_atext
337 _2rdamedia
_aunmediated
338 _2rdacarrier
_avolume
650 1 0 _aAccounting
700 _eauthor
942 _ddc
_cB
999 _c31864
_d31864